<?xml version="1.0" encoding="UTF-8"?><?xml-stylesheet type="text/xsl" href="static/style.xsl"?><OAI-PMH xmlns="http://www.openarchives.org/OAI/2.0/" xmlns:xsi="http://www.w3.org/2001/XMLSchema-instance" xsi:schemaLocation="http://www.openarchives.org/OAI/2.0/ http://www.openarchives.org/OAI/2.0/OAI-PMH.xsd"><responseDate>2026-04-26T21:59:18Z</responseDate><request verb="GetRecord" identifier="oai:uvadoc.uva.es:10324/28348" metadataPrefix="marc">https://uvadoc.uva.es/oai/request</request><GetRecord><record><header><identifier>oai:uvadoc.uva.es:10324/28348</identifier><datestamp>2021-07-06T08:27:15Z</datestamp><setSpec>com_10324_28098</setSpec><setSpec>com_10324_5186</setSpec><setSpec>com_10324_29291</setSpec><setSpec>col_10324_28222</setSpec></header><metadata><record xmlns="http://www.loc.gov/MARC21/slim" xmlns:doc="http://www.lyncode.com/xoai" xmlns:xsi="http://www.w3.org/2001/XMLSchema-instance" xmlns:dcterms="http://purl.org/dc/terms/" xsi:schemaLocation="http://www.loc.gov/MARC21/slim http://www.loc.gov/standards/marcxml/schema/MARC21slim.xsd">
<leader>00925njm 22002777a 4500</leader>
<datafield tag="042" ind1=" " ind2=" ">
<subfield code="a">dc</subfield>
</datafield>
<datafield tag="720" ind1=" " ind2=" ">
<subfield code="a">Vallecillo, Ángel</subfield>
<subfield code="e">author</subfield>
</datafield>
<datafield tag="260" ind1=" " ind2=" ">
<subfield code="c">2012</subfield>
</datafield>
<datafield tag="520" ind1=" " ind2=" ">
<subfield code="a">En Elogio del Fracaso, el escritor Ángel Vallecillo reflexiona sobre el proceso creativo desde un singular punto de vista: la frustración intelectual provocada por la limitación formal del lenguaje frente a la todopoderosa imaginación. Para ilustrar cómo se generan las ideas en la imaginación se sirve de una arriesgada nomenclatura como literatura en estado líquido o literatura en estado sólido, o una novedosa división entre imaginación voluntaria e involuntaria. Vallecillo, autor de obras de sorprendente fuerza estilística como Colapsos o Hay un Millón de Razas, describe en Elogio del Fracaso su observación de los estados previos a la escritura y abre al lector los mecanismos de funcionamiento de una mente creadora. </subfield>
</datafield>
<datafield tag="024" ind2=" " ind1="8">
<subfield code="a">Siglo XXI. Literatura y Cultura Españolas; Núm. 9-10 (2012): Siglo XXI: Literatura y cultura españolas pags. 45-52</subfield>
</datafield>
<datafield tag="024" ind2=" " ind1="8">
<subfield code="a">2172-7457</subfield>
</datafield>
<datafield tag="024" ind2=" " ind1="8">
<subfield code="a">http://uvadoc.uva.es/handle/10324/28348</subfield>
</datafield>
<datafield tag="024" ind2=" " ind1="8">
<subfield code="a">45</subfield>
</datafield>
<datafield tag="024" ind2=" " ind1="8">
<subfield code="a">9-10</subfield>
</datafield>
<datafield tag="024" ind2=" " ind1="8">
<subfield code="a">52</subfield>
</datafield>
<datafield tag="245" ind1="0" ind2="0">
<subfield code="a">Elogio del fracaso</subfield>
</datafield>
</record></metadata></record></GetRecord></OAI-PMH>